000 006130am a2200217 004500
008 730102s1962 njua f 000 0 eng
040 _aDLC
_c DLC
_d DLC
092 0 4 _a155.2
_bS2436
_221
099 _a04
_a155.2 S2436
100 1 _aSarason, Irwin G.,
_eed.
245 1 0 _aContemporary research in personality.
260 _aPrinceton, N.J.,
_bVan Nostrand
_c[1962]
300 _a411 p.
_billus.
_c25 cm.
504 _aIncludes bibliography and index
650 0 _aPersonality.
740 0 _aResearch in personality.
902 _a1
905 _aEman
_eRev.
905 _aIbrahim
_eCat
942 _2ddc
_cBK
999 _c103113
_d103113